01022cam a22002531 45000010005000000030008000050050017000130080039000300350018000690400023000870410011001100820018001212450178001392600046003173000041003635000089004045000105004935040029005985200019006275260014006466500034006607000039006947400035007334931BD-RjUL20211208233959.0131223m1964 nyua b 001 0 eng a(BD-RjUL)4967 aDLCcDLCdDLCbeng1 aengger00a547bNEW 196410aNewer methods of preparative organic chemistry ;ctranslated and rev. from the German. Published and distributed ... with the consent of the Alien Property Custodian.nv-iii aNew York:bInterscience Publishers,c1964 av., 544 p.bdiagrs., tables.c24 cm. aVol. 1 originally appeared as a series of articles in Die Chemie, beginning in 1940. aVol. 2, edited by W. Foerst and translated by F. K. Kirchner, has imprint: New York, Academic Press. aIncludes bibliographies. aincludes index bchemistry 0aOrganic compoundsxSynthesis.1 aFoerst, W.q(Wilhelm),d1898-eed.0 aPreparative organic chemistry.